00434nam a2200157Ia 4500100003000000250000600030942000700036654001300043245003800056260003900094082001400133300000800147546001200155999001700167952009200184 aPappas/Chris/ Murray/W.H  a2 cBK aComputer aVisuals C++ 5 Complete Reference bTata Mc Graw hillaNew Delhic1997 a5.13bPAD a998 aENGLISH c27442d27442 001040708CRCaCRCEbCRCEd2023-03-17l0o5.13 PADp10595r2023-03-17w2023-03-17yBK